000 01207nam0a22003011 4500
001 rc\2130776
005 20110829172115.8
035 _a(NLR Aleph) 006699692
090 _a5231216
_c5231216
100 _a20110829d1978 |||y0rusy50 ca
101 0 _arus
102 _aRU
105 _ay z |||||
200 1 _aИстория воплощения ленинской идеи культурной революции в советской школе и социалистического воспитания молодежи в Грузии
_fРед. проф. Ю.М. Качарава
210 _aТбилиси
_cМецниереба
_d1978
215 _a217 с.
_d20
300 _aВ надзаг.: М-во просвещения Абхаз. АССР
606 _aШкола
_yГССР
_xИстория
_2psbo
606 _aКоммунистическое воспитание
_2psbo
700 1 _aДарцмелия
_bГ. Э.
_gГугули Эрастовна
702 1 _aКачарава
_bЮ. М.
_4340
801 0 _aRU
_bNLR
_gpsbo
801 1 _aRU
_bELAR
_2rusmarc
852 _aNLR
_j78-3/8032
899 _aRuMoRGB
_jДр 384/2435
899 _aRuMoRGB
_jДр 384/2436
942 _cBOOK
980 _aNB